Bölge planlama semineri / (Kayıt no. 10244)
[ düz görünüm ]
| 000 -BAŞLIK | |
|---|---|
| Sabit Uzunluktaki Kontrol Alanı | 01636nam a2200205 4500 |
| 003 - KONTROL NUMARASI KİMLİĞİ | |
| Kontrol Alanı | KOHA_MİRAKIL |
| 005 - EN SON İŞLEM TARİHİ ve ZAMANI | |
| Kontrol Alanı | 20260415081353.0 |
| 008 - SABİT UZUNLUKTAKİ VERİ ÖGELERİ - GENEL BİLGİ | |
| Sabit Alan | 260415b tu ||||| |||| 00| 0 tur d |
| 040 ## - KATALOGLAMA KAYNAĞI | |
| Özgün Kataloglama Kurumu | TR-AnABB |
| Kataloglama Dili | tur |
| Çeviri Kurumu | TR-AnABB |
| 041 ## - DİL KODU | |
| Metin ya da ses kaydının dil kodu | tur |
| 082 ## - DEWEY ONU SINIFLAMA SİSTEMİ | |
| Sınıflama Numarası | 711.07 |
| Cutter numarası | BOL 1984 |
| 111 2# - TOPLANTI ADI | |
| Toplantı Adı | Bölge Planlama Semineri |
| Toplantı Tarihi | (1984: |
| Toplantı Yeri | İstanbul) |
| 245 10 - ESER ADI BİLDİRİMİ | |
| Başlık | Bölge planlama semineri / |
| Sorumluluk Bildirimi | İstanbul Teknik Üniversitesi Mimarlık Fakültesi Şehir ve Bölge Planlaması Bölümü |
| 260 ## - YAYIN, DAĞITIM, VB. | |
| Yayın Yeri | İstanbul : |
| Yayınevi | İTÜ Mimarlık Fakültesi, |
| Yayın Tarihi | 1984 |
| 300 ## - FİZİKSEL TANIMLAMA | |
| Sayfa, Cilt vb. | 58 sayfa ; |
| Boyutları | 30 cm |
| 505 ## - İÇİNDEKİLER NOTU | |
| İçindekiler Notu | İçindekiler: Münih Teknik Üniversitesi - Şehir ve Bölge Planlama Kürsüsü Şefi Prof. Dr. Gerd. Albers'İn mektubu - Dortmun Üniversitesi - Mekan Planlaması Bölümü Öğretim Üyesi Prof. Dr. Peter Zconicky'nin görüşleri - Kaiserslajtern Üniversitesi - Mekan ve Çevre PLanlaması Eğitimi - Berlin Teknik Üniversitesi - Şehir ve Bölge PLanlaması Eğitimi - Oldenburg Üniversitesi'nde Mekan planlaması - Karlsrshe Fridericiana Üniversitesi'nde bölge planlama eğitimi - Zürih Teknik Üniversitesi Mekan Planlama Metodu Kürsüsü Şefi Prof. Dr. Jacob Maurer'in görüşü - Zurih Teknik Üniversitesi'nde Mekan Planlama - İngiltere'de plancı eğitimi üzerine Dr. Taner Uc'Ün görüşü - İTÜ Mimarlık Fakültesi - Mimarlık Fakültesi Şehir ve Bölge Planlaması Eğitimi - ABD'de Planlama Eğitimi _ Bölge Planlama eğitimi üzerine Doç. Dr. OrHan Göçer'in görüşü |
| 650 04 - KONU BAŞLIĞI EK GİRİŞ - KONU TERİMİ | |
| Konusal terim veya coğrafi ad | Şehir ve bölge planlama, Eğitim ve öğretim |
| 650 04 - KONU BAŞLIĞI EK GİRİŞ - KONU TERİMİ | |
| Konusal terim veya coğrafi ad | Eğitim planlaması, Yükseköğretim |
| 942 ## - EK GİRİŞ ÖGELERİ (KOHA) | |
| Sınıflama Kaynağı | Dewey Decimal Classification |
| Materyal Türü | Kitap |
| 900 ## - YEREL BİLGİ | |
| Kontrol | Can ÇELIK |
| 111 2# - TOPLANTI ADI | |
| -- | 3447 |
| Geri Çekilme Durumu | Kayıp Durumu | Sınıflandırma Kaynağı | Kredi için değil | Kalıcı Konum | Mevcut Konum | Kayıt Tarih | Toplam Ödünçverme | Yer Numarası | Demirbaş Numarası | Son Görülme Tarihi | Fatura Tarihi | Materyal Türü |
|---|---|---|---|---|---|---|---|---|---|---|---|---|
| Dewey Decimal Classification | Prof. Dr. Ruşen Keleş Kütüphanesi | Prof. Dr. Ruşen Keleş Kütüphanesi | 15/04/2026 | 711.07 BOL 1984 | RK7085 | 15/04/2026 | 15/04/2026 | Kitap |
